000 00337nam a2200145Ia 4500
100 _aSchneider/ Michael G
250 _a2
942 _cBK
366 _f25
654 _apascal
245 _aIntroduction to programming and problem solving with pascal
260 _bWiley India
_c1982
082 _bSCH
546 _aENGLISH
_cComputers
999 _c22966
_d22966